000 00631nam a2200217Ia 4500
003 OSt
005 20220923230837.0
006 a|||||r|||| 00| 0
007 ta
008 Pun
024 _a306,016
037 _cTextual
040 _aARTS
_cARTS
_bPun
041 _2Pun
_aPun
082 _aQ8441:21:g, 153N0
100 _aਰਾਜਿੰਦਰ ਸਿੰਘ
_9156275
245 0 _aਬਾਰ੍ਹਾ ਮਾਹ ਤੁਖਾਰੀ ਵਿਚ ਪ੍ਰਕ੍ਰਿਤੀ ਚਿਤਰਣ
260 _c1990
942 _hQ8441:21:g, 153N0
_cTEXL
_2CC
999 _c387803
_d387803